LIBRARY & INFORMATION CENTRE, KCAET, TAVANUR

ONLINE PUBLIC ACCESS CATALOGUE (OPAC)

Karutha Njarazhcha / (Record no. 11516)

MARC details
000 -LEADER
fixed length control field 00290cam a2200121ua 4500
082 ## - DEWEY DECIMAL CLASSIFICATION NUMBER
Classification number 894.812301
Item number SUK/KA
100 ## - MAIN ENTRY--AUTHOR NAME
Personal name Sukumaran, Tatapuram .
245 ## - TITLE STATEMENT
Title Karutha Njarazhcha /
250 ## - EDITION STATEMENT
Edition statement 1 /
260 ## - PUBLICATION, DISTRIBUTION, ETC. (IMPRINT)
Place of publication Kollam :
Name of publisher M S Book Depot ,
Year of publication 1966.
300 ## - PHYSICAL DESCRIPTION
Number of Pages 109 ; .
942 ## - ADDED ENTRY ELEMENTS (KOHA)
Koha item type Books
Holdings
Withdrawn status Lost status Damaged status Home library Current library Date acquired Full call number Accession Number Koha item type
Withdrawn     KAUAET Malayalam University 07/04/2012 894.812301 10296 Books
free website counter